00212nam a2200085Ia 4500008004100000100001900041245003600060260002100096260000900117170620s9999 xx 000 0 und d aTripathi S. C. 0aArbitration & Concilliation act bCentral Law Pub. c1999